Program celoživotného vzdelávania v SR bakalárska práca

Gespeichert in:
Bibliographische Detailangaben
1. Verfasser: Bednáriková, Miroslava
Körperschaft: Národohospodárska fakulta EU. Katedra sociálneho rozvoja a práce
Weitere Verfasser: Polonyová, Simona, 1985-
Format: Buch
Sprache:Slowakisch
Veröffentlicht: Bratislava 2011
Tags: Tag hinzufügen
Keine Tags, Fügen Sie das erste Tag hinzu!

MARC

LEADER 00000nbm a2200000 4500
001 0139721
005 20161109111641.5
041 0 |a slo 
044 |a SK 
245 1 0 |a Program celoživotného vzdelávania v SR  |b bakalárska práca  |c Miroslava Bednáriková ; školiteľ: Simona Polonyová 
264 1 |a Bratislava  |c 2011 
300 |a 48 s. 
100 1 |a Bednáriková, Miroslava 
700 1 |a Polonyová, Simona, 1985- 
710 2 |a Národohospodárska fakulta EU. Katedra sociálneho rozvoja a práce